000 01853cam a2200553 i 4500
999 _c5844
_d5844
001 on1020024624
003 OCoLC
005 20200819233509.0
008 181005s2018 enk b 001 0 eng
015 _aGBB8J5662
_2bnb
016 7 _a101739648
_2DNLM
016 7 _a019101843
_2Uk
020 _a9780414067899
020 _a0414067894
029 0 _aNLM
_b101739648
029 1 _aUKMGB
_b019101843
035 _a(OCoLC)1020024624
040 _aNLM
_beng
_erda
_cNLM
_dUKMGB
_dOCLCF
_dYDX
_dOCLCO
_dESU
_dUKUOY
_dOCLCQ
_dOCLCO
_dOCLCA
_dDINAT
_dOCLCA
_dU@M
042 _apcc
043 _ae-uk---
_ae-uk-en
_ae-uk-wl
049 _aTZAA
050 4 _aKD3412
_b.J66 2018
060 0 0 _a2019 A-211
060 1 0 _aWM 33 FA1
082 1 4 _a347.4152
100 1 _aJones, Richard M.
_q(Richard Martin),
_d1945-
_eauthor.
245 1 0 _aMental health act manual /
_cby Richard M. Jones.
250 _aTwenty first edition.
300 _axliv, 1169 pages ;
_c24 cm
504 _aIncludes bibliographical references and index.
610 1 0 _aGreat Britain.
_tMental Health Act 1983.
610 1 2 _aGreat Britain
_tMental Health Act 1983
610 1 2 _aGreat Britain
_tMental Health Act 2007
610 1 7 _aGreat Britain.
_tMental Health Act 1983.
_2naf
610 1 7 _aGreat Britain.
_tMental Health Act 2007.
_2naf
630 0 7 _aMental Health Act 1983 (Great Britain)
_2fast
650 0 _aMental health laws
_zEngland.
650 0 _aMental health laws
_zWales.
650 1 2 _aMental Health Services
_xlegislation & jurisprudence.
650 2 2 _aMentally Ill Persons
_xlegislation & jurisprudence.
650 2 2 _aMental Disorders
_xtherapy.
650 7 _aLaw.
_2eflch
650 7 _aMental health laws.
_2fast
650 7 _aLaw.
_2ukslc
651 2 _aUnited Kingdom.
_9902
651 7 _aEngland.
_2fast
_914506
651 7 _aWales.
_2fast
942 _2lcc
_cBOOK